9/11 attacks alter US companies' real estate needs (Record no. 71227)

MARC details
000 -LEADER
fixed length control field 01132cam a2200217 4500
001 - CONTROL NUMBER
control field WB3835-04
008 - FIXED-LENGTH DATA ELEMENTS--GENERAL INFORMATION
fixed length control field 020925n2002 000 0 eng u
035 ## - SYSTEM CONTROL NUMBER
System control number (Sirsi) u119848
245 ## - TITLE STATEMENT
Title 9/11 attacks alter US companies' real estate needs
260 ## - PUBLICATION, DISTRIBUTION, ETC.
Date of publication, distribution, etc. 2002
490 ## - SERIES STATEMENT
Series statement RICS Commercial Property Faculty News
Volume/sequential designation 24 September 2002, (1)
520 ## - SUMMARY, ETC.
Summary, etc. Jones Lang Lasalle survey shows the terrorist attacks of last September have changed US companies' real estate needs. More than 91% of respondents cited security as one of their top three building management concerns and 85% of those said they had adopted extra security measures. For the Commercial Property Faculty News: http://www.rics.org/ricscms/bin/show?class=News&template=/includes/shownews.html&id=3729&faculty=Commercial%20Property&faculty=All%20Faculties For the Jones Lang Lasalle website: http://www.joneslanglasalle.co.uk/
590 ## - LOCAL NOTE (RLIN)
Local note WB
650 ## - SUBJECT ADDED ENTRY--TOPICAL TERM
Topical term or geographic name entry element JONES LANG LASALLE
650 ## - SUBJECT ADDED ENTRY--TOPICAL TERM
Topical term or geographic name entry element USA CORPORATE CLIENTS
650 ## - SUBJECT ADDED ENTRY--TOPICAL TERM
Topical term or geographic name entry element TERRORIST ATTACKS
650 ## - SUBJECT ADDED ENTRY--TOPICAL TERM
Topical term or geographic name entry element SECURITY
650 ## - SUBJECT ADDED ENTRY--TOPICAL TERM
Topical term or geographic name entry element DISASTER PLANNING
690 ## - LOCAL SUBJECT ADDED ENTRY--TOPICAL TERM (OCLC, RLIN)
Topical term or geographic name as entry element MANAGEMENT-BUSINESS MANAGEMENT
942 ## - ADDED ENTRY ELEMENTS (KOHA)
Suppress in OPAC 0
Holdings
Withdrawn status Lost status Source of classification or shelving scheme Damaged status Not for loan Home library Current library Shelving location Date acquired Total Checkouts Full call number Barcode Date last seen Copy number Price effective from Koha item type
    Dewey Decimal Classification     London London News article 25/09/2002   WB3835-04 119848-1001 06/08/2019 1 06/08/2019 News article